[Event "ITA-ch C"]
[Site "Civitanova Marche"]
[Date "2012.07.22"]
[Round "8"]
[White "Tagliaferri, Valerio"]
[Black "Catalano, Luigi"]
[Result "1-0"]
[WhiteElo "1837"]
[BlackElo "1690"]
[PlyCount "118"]
[EventDate "2012.07.15"]
[EventType "swiss"]
[EventRounds "8"]
[EventCountry "ITA"]
[SourceTitle "EXT 2023"]
[Source "ChessBase"]
[SourceDate "2022.10.05"]
[SourceVersion "1"]
[SourceVersionDate "2022.10.05"]
[SourceQuality "1"]

1. g3 d5 2. Bg2 e5 3. Nf3 e4 4. Nd4 Nf6 5. d3 h6 6. 0-0 Bc5 7. Nb3 Bd6 8. Nc3 exd3 9. cxd3 c6 10. e4 0-0 11. h3 Nbd7 12. exd5 c5 13. Ne4 Nb6 14. Nxd6 Qxd6 15. Be3 Nbd7 16. Bf4 Qa6 17. Re1 b6 18. Re7 Bb7 19. Bf3 Qa4 20. d6 Bxf3 21. Qxf3 Rfc8 22. Nd2 Qc6 23. Qxc6 Rxc6 24. Nc4 Kf8 25. Rae1 Re8 26. Kf1 g5 27. Ne5 Nxe5 28. Rxe8+ Nxe8 29. Bxe5 Nxd6 30. f4 gxf4 31. Bxf4 h5 32. Re5 c4 33. Rd5 Ne8 34. dxc4 Rxc4 35. Rxh5 Rc2 36. Be5 Ke7 37. Bc3 Nf6 38. Re5+ Kd6 39. Re2 Rc1+ 40. Kg2 Nd5 41. Be5+ Kc6 42. Rf2 f5 43. Kh2 Nb4 44. Rxf5 Nxa2 45. Rf2 Nb4 46. Rg2 Kd5 47. Bc3 Nd3 48. h4 Ne5 49. Rd2+ Ke6 50. Re2 Rxc3 51. bxc3 a5 52. g4 Kd5 53. Kg3 Nc4 54. h5 Nd6 55. Rd2+ Ke5 56. Rxd6 Kxd6 57. h6 a4 58. h7 a3 59. h8Q a2 1-0

[Event "ITA-ch C"]
[Site "Civitanova Marche"]
[Date "2012.07.17"]
[Round "3"]
[White "Nassetti, Francesco"]
[Black "Catalano, Luigi"]
[Result "1-0"]
[WhiteElo "1843"]
[BlackElo "1690"]
[PlyCount "79"]
[EventDate "2012.07.15"]
[EventType "swiss"]
[EventRounds "8"]
[EventCountry "ITA"]
[SourceTitle "EXT 2023"]
[Source "ChessBase"]
[SourceDate "2022.10.05"]
[SourceVersion "1"]
[SourceVersionDate "2022.10.05"]
[SourceQuality "1"]

1. e4 g6 2. d4 Bg7 3. Nc3 d6 4. Bg5 h6 5. Be3 e6 6. f4 Ne7 7. h4 Nd7 8. h5 c5 9. hxg6 Nxg6 10. Nf3 cxd4 11. Nxd4 a6 12. Be2 e5 13. Nf5 Bf8 14. Nxd6+ Bxd6 15. Qxd6 Nxf4 16. Bxf4 exf4 17. Qxf4 Qf6 18. Qe3 Qb6 19. Qxb6 Nxb6 20. Nd5 Nxd5 21. exd5 Bf5 22. Kd2 0-0-0 23. c4 Bg6 24. Bd3 b5 25. b3 a5 26. Rae1 Rd7 27. Bxg6 fxg6 28. Re6 Rc7 29. Kd3 bxc4+ 30. bxc4 Rb7 31. Kc3 Rc7 32. Ra6 Rf8 33. Ra8+ Kb7 34. Rxf8 Re7 35. Rxh6 Rg7 36. c5 Ka6 37. a4 Kb7 38. Kd4 Ka7 39. Rfh8 Kb7 40. R8h7 1-0

[Event "ITA-ch Seniors 32nd"]
[Site "Arvier"]
[Date "2010.04.26"]
[Round "8"]
[White "Viola, Mario"]
[Black "Catalano, Luigi"]
[Result "1-0"]
[WhiteElo "2065"]
[BlackElo "1659"]
[PlyCount "119"]
[EventDate "2010.04.18"]
[EventType "swiss"]
[EventRounds "9"]
[EventCountry "ITA"]
[SourceTitle "EXT 2024"]
[Source "ChessBase"]
[SourceDate "2023.10.10"]
[SourceVersion "1"]
[SourceVersionDate "2023.10.10"]
[SourceQuality "1"]

1. d4 g6 2. Nf3 d6 3. e4 e6 4. c3 Ne7 5. Bg5 Bg7 6. Bd3 h6 7. Be3 Nd7 8. Nbd2 a6 9. Qc2 0-0 10. Nb3 b6 11. Qd2 Kh7 12. h4 Bb7 13. h5 Rh8 14. hxg6+ fxg6 15. Ng5+ Kg8 16. Nxe6 Qc8 17. Nxg7 Kxg7 18. Bxh6+ Kf7 19. 0-0-0 Qg8 20. Rh3 Ke8 21. Rg3 Qh7 22. Bg5 Rg8 23. Qe3 Nf8 24. Bc4 Kd7 25. Bxg8 Nxg8 26. d5 Re8 27. Qd3 Kc8 28. Nd4 Kb8 29. Rh3 Qf7 30. f3 Nf6 31. Bxf6 Qxf6 32. Rdh1 Bc8 33. Kc2 Kb7 34. Qd2 Bxh3 35. Rxh3 Nd7 36. Nc6 Ne5 37. Nxe5 Qxe5 38. Qf2 Rf8 39. Qg3 Qg7 40. Qg5 a5 41. Qh6 Qf6 42. Rg3 Rg8 43. Qg5 Qf7 44. Kd3 b5 45. f4 Kb6 46. b3 b4 47. c4 Qg7 48. e5 Kc5 49. Qf6 Qh7 50. e6 Kb6 51. Qf7 Qg7 52. Qxg7 Rxg7 53. Rf3 c6 54. f5 cxd5 55. cxd5 Kc5 56. f6 Rc7 57. Ke4 Kb6 58. f7 Rc3 59. Rxc3 bxc3 60. Kd3 1-0

[Event "Condino op"]
[Site "Condino"]
[Date "2009.07.28"]
[Round "3"]
[White "Catalano, Luigi"]
[Black "Frugoni, Giulio"]
[Result "0-1"]
[WhiteElo "1679"]
[BlackElo "1753"]
[PlyCount "77"]
[EventDate "2009.07.27"]
[EventType "swiss"]
[EventRounds "7"]
[EventCountry "ITA"]
[SourceTitle "CBM 131 Extra"]
[Source "ChessBase"]
[SourceDate "2009.09.03"]
[SourceVersion "2"]
[SourceVersionDate "2009.09.16"]
[SourceQuality "1"]

1. e4 c5 2. c4 e6 3. Nc3 Nc6 4. f4 b6 5. Nf3 Bb7 6. e5 Nd4 7. Nxd4 cxd4 8. Nb5 Bc5 9. Qg4 Ne7 10. Qxg7 Rg8 11. Qxh7 Rf8 12. d3 Nf5 13. Rg1 Ne3 14. Bxe3 dxe3 15. a3 e2 16. Bxe2 a6 17. Nd6+ Bxd6 18. exd6 Qf6 19. d4 Qxd4 20. Kf1 Rh8 21. Qd3 Qxf4+ 22. Bf3 Rxh2 23. b3 0-0-0 24. b4 Rg8 25. Ra2 Bxf3 26. Ke1 Qg3+ 27. Rf2 Qe5+ 28. Kd2 Qb2+ 29. Ke3 Qe5+ 30. Kd2 Be4 31. Qe2 Rg3 32. c5 Qc3+ 33. Kd1 Rd3+ 34. Qxd3 Qxd3+ 35. Ke1 Qb1+ 36. Kd2 Qxg1 37. Rxf7 Qd4+ 38. Ke2 Rxg2+ 39. Kf1 0-1

[Event "Condino op"]
[Site "Condino"]
[Date "2009.07.27"]
[Round "1"]
[White "Catalano, Luigi"]
[Black "Barucco, Mattia"]
[Result "0-1"]
[WhiteElo "1679"]
[BlackElo "2006"]
[PlyCount "116"]
[EventDate "2009.07.27"]
[EventType "swiss"]
[EventRounds "7"]
[EventCountry "ITA"]
[SourceTitle "CBM 131 Extra"]
[Source "ChessBase"]
[SourceDate "2009.09.03"]
[SourceVersion "2"]
[SourceVersionDate "2009.09.16"]
[SourceQuality "1"]

1. g3 Nf6 2. Bg2 g6 3. d4 d5 4. h3 Bg7 5. Nf3 0-0 6. g4 c5 7. 0-0 Nc6 8. c3 Ne4 9. e3 b6 10. Nbd2 f5 11. g5 Bb7 12. h4 Qd6 13. Nxe4 fxe4 14. Nh2 e5 15. dxc5 Qxc5 16. Ng4 Ba6 17. Re1 Rad8 18. Bd2 Bd3 19. a4 Ne7 20. Kh2 Nf5 21. Kh3 Qc8 22. Rh1 h5 23. gxh6 Nxh6 24. f3 exf3 25. Bxf3 Be4 26. Be2 Bxh1 27. Qxh1 Kh8 28. Rf1 Rxf1 29. Qxf1 Rf8 30. Qg2 e4 31. Qg3 Qf5 32. Kg2 Nxg4 33. Qxg4 Qf2+ 34. Kh3 Be5 35. Qg2 Qf5+ 36. Bg4 Qf6 37. Be1 Kh7 38. Be2 Rf7 39. Qg4 Kh8 40. Qc8+ Kh7 41. Qg4 Qf5 42. Qxf5 gxf5 43. Kg2 f4 44. exf4 Bxf4 45. b3 Rc7 46. Kh3 Be5 47. c4 d4 48. Bg4 Rf7 49. Kg2 d3 50. Be6 Rg7+ 51. Kh3 Kg6 52. Bd2 Kf6 53. Bg4 Bd4 54. Bh5 e3 55. Bb4 Be5 56. Bg4 Rxg4 57. Kxg4 d2 58. Kf3 d1Q+ 0-1

[Event "Arco op 28th"]
[Site "Arco"]
[Date "2006.10.28"]
[Round "8"]
[White "Ludovici, Roberto"]
[Black "Catalano, Luigi"]
[Result "1/2-1/2"]
[WhiteElo "1774"]
[BlackElo "1808"]
[PlyCount "137"]
[EventDate "2006.10.21"]
[EventType "swiss"]
[EventRounds "9"]
[EventCountry "ITA"]
[SourceTitle "EXT 2024"]
[Source "ChessBase"]
[SourceDate "2023.10.10"]
[SourceVersion "1"]
[SourceVersionDate "2023.10.10"]
[SourceQuality "1"]

1. e4 e5 2. Nf3 Nc6 3. Bc4 h6 4. Nc3 Nf6 5. d4 d6 6. dxe5 dxe5 7. Qxd8+ Nxd8 8. Nxe5 Bb4 9. Bd2 Bxc3 10. Bxc3 Nxe4 11. Bb4 Nd6 12. Bb3 0-0 13. 0-0-0 Re8 14. Rhe1 Be6 15. Bxe6 Rxe6 16. Nf3 Ne8 17. Rxe6 Nxe6 18. Be7 f6 19. Ba3 b5 20. g3 a5 21. b3 b4 22. Bb2 Nd6 23. Re1 Kf7 24. h4 a4 25. bxa4 Rxa4 26. Kb1 Nb5 27. Re3 c5 28. Nd2 Na3+ 29. Bxa3 bxa3 30. Rb3 Kg6 31. Kc1 Kf5 32. Nb1 Nd4 33. Rxa3 Rxa3 34. Nxa3 Ke4 35. Kd2 Kf3 36. Ke1 Nc6 37. c3 Ne5 38. Nb1 Nd3+ 39. Kf1 Nxf2 40. a4 Ne4 41. a5 Nd6 42. Na3 Nc8 43. Nb5 Kxg3 44. h5 Kg4 45. a6 Kxh5 46. a7 Nb6 47. Nc7 f5 48. a8Q Nxa8 49. Nxa8 Kg5 50. Nc7 c4 51. Ne6+ Kf6 52. Nd4 g5 53. Kf2 h5 54. Kg3 Ke5 55. Nf3+ Kf6 56. Nd2 g4 57. Nxc4 Kg5 58. Nd2 f4+ 59. Kg2 h4 60. c4 h3+ 61. Kh2 Kf5 62. c5 Ke5 63. Nc4+ Kd5 64. c6 g3+ 65. Kxh3 Kxc6 66. Ne5+ Kd5 67. Nf3 Ke4 68. Kg2 Ke3 69. Nh4 1/2-1/2

[Event "Arco op 28th"]
[Site "Arco"]
[Date "2006.10.25"]
[Round "5"]
[White "Catalano, Luigi"]
[Black "Antoniacci, Ricardo"]
[Result "0-1"]
[WhiteElo "1808"]
[BlackElo "1969"]
[PlyCount "112"]
[EventDate "2006.10.21"]
[EventType "swiss"]
[EventRounds "9"]
[EventCountry "ITA"]
[SourceTitle "EXT 2007"]
[Source "ChessBase"]
[SourceDate "2006.11.23"]
[SourceVersion "1"]
[SourceVersionDate "2006.11.23"]
[SourceQuality "1"]

1. e4 e5 2. Nf3 Nc6 3. Bc4 Nf6 4. Nc3 Bb4 5. 0-0 d6 6. h3 0-0 7. d3 h6 8. a3 Ba5 9. Bd2 a6 10. Ba2 b5 11. b4 Bb6 12. Kh1 Ne7 13. Be3 Bxe3 14. fxe3 Bb7 15. Nh4 d5 16. Nf5 Nxf5 17. Rxf5 dxe4 18. Rxe5 Qd6 19. Rf5 exd3 20. cxd3 Qg3 21. e4 Rad8 22. Qf3 Rxd3 23. Qxg3 Rxg3 24. Rf3 Rxf3 25. gxf3 Rd8 26. Rd1 Rxd1+ 27. Nxd1 Nd7 28. Nc3 c5 29. bxc5 Nxc5 30. Kg2 Kf8 31. Kf2 f6 32. h4 Ke7 33. Ke3 Kd6 34. Kf4 Bc8 35. Ke3 Ne6 36. f4 Nf8 37. f5 g5 38. hxg5 hxg5 39. Nd5 Ke5 40. Ne7 Bb7 41. Ng6+ Nxg6 42. fxg6 Bxe4 43. g7 Bh7 44. g8Q Bxg8 45. Bxg8 a5 46. Bf7 f5 47. Bb3 g4 48. Kf2 f4 49. Bc2 b4 50. a4 Kd4 51. Bd1 g3+ 52. Ke1 Ke3 53. Kf1 f3 54. Kg1 f2+ 55. Kg2 Kd2 56. Bf3 Ke1 0-1

[Event "Salsomaggiore Terme op 8th"]
[Site "Salsomaggiore Terme"]
[Date "2004.??.??"]
[Round "1"]
[White "Pegoraro, Nicola"]
[Black "Catalano, Luigi"]
[Result "1-0"]
[WhiteElo "2065"]
[BlackElo "1620"]
[PlyCount "97"]
[EventDate "2004.05.??"]
[EventType "swiss"]
[EventRounds "6"]
[EventCountry "ITA"]
[SourceTitle "EXT 2007"]
[Source "ChessBase"]
[SourceDate "2006.11.23"]
[SourceVersion "1"]
[SourceVersionDate "2006.11.23"]
[SourceQuality "1"]

1. e4 e5 2. Nf3 Nc6 3. d4 exd4 4. Bc4 h6 5. 0-0 Bc5 6. c3 dxc3 7. Bxf7+ Kxf7 8. Qd5+ Kf8 9. Qxc5+ d6 10. Qe3 Qe8 11. Nxc3 Nge7 12. Nb5 Qd7 13. Bd2 a6 14. Nbd4 Kg8 15. Bc3 Qg4 16. Nxc6 Nxc6 17. e5 d5 18. Rad1 Be6 19. Nd4 Ne7 20. f3 Qg6 21. Nxe6 Qxe6 22. Qc5 c6 23. f4 Kf7 24. f5 Nxf5 25. Rxf5+ Kg6 26. Rdf1 Kh7 27. Qd6 Rhe8 28. Rf7 b6 29. R1f6 Qg4 30. Rxh6+ Kg8 31. Rg6 Qd1+ 32. Rf1 Qd3 33. Rg3 Qc4 34. e6 Ra7 35. Bxg7 Rxg7 36. Rxg7+ Kh8 37. Qg3 Qd4+ 38. Kh1 Qxg7 39. Qh3+ Kg8 40. Rf3 Qh7 41. Qg4+ Kh8 42. Rh3 Rf8 43. Rxh7+ Kxh7 44. h4 c5 45. e7 Re8 46. Qe6 Kg7 47. h5 d4 48. Qg6+ Kh8 49. Qxe8+ 1-0

[Event "ITA-chT UISP 23rd"]
[Site "Rimini"]
[Date "2002.12.??"]
[Round "6"]
[White "Finocchiaro, Dante"]
[Black "Catalano, Luigi"]
[Result "0-1"]
[WhiteElo "1395"]
[BlackElo "1570"]
[PlyCount "115"]
[EventDate "2002.12.??"]
[EventType "team"]
[EventRounds "6"]
[EventCountry "ITA"]
[SourceTitle "EXT 2024"]
[Source "ChessBase"]
[SourceDate "2023.10.10"]
[SourceVersion "1"]
[SourceVersionDate "2023.10.10"]
[SourceQuality "1"]

1. e4 Nc6 2. Nf3 e5 3. d4 exd4 4. Nxd4 Qh4 5. Nxc6 Qxe4+ 6. Qe2 Qxe2+ 7. Bxe2 bxc6 8. 0-0 Nf6 9. Re1 Be7 10. Nc3 0-0 11. Bf4 Bd6 12. Bxd6 cxd6 13. Rad1 d5 14. b4 Re8 15. a4 Bb7 16. a5 Rad8 17. a6 Bc8 18. f3 Re7 19. Bd3 Rde8 20. Kf2 Rxe1 21. Rxe1 Rxe1 22. Kxe1 Ne8 23. b5 Nc7 24. Kd2 g6 25. Ke3 c5 26. Kf4 d6 27. g4 f6 28. h4 Kg7 29. Kg3 Bd7 30. h5 c4 31. Be2 g5 32. f4 h6 33. f5 d4 34. Ne4 d5 35. Nc5 Bxb5 36. Ne6+ Nxe6 37. fxe6 Kf8 38. Bf3 Bc6 39. Be2 Ke7 40. Kf2 Kxe6 41. Ke1 Bb5 42. Kd2 Ke5 43. c3 Bxa6 44. Bf3 Bb7 45. Be2 a5 46. Bd1 d3 47. Ba4 Kf4 48. Bd1 Ke5 49. Ke3 Kd6 50. Ba4 Bc6 51. Bd1 a4 52. Kd2 Ke5 53. Kc1 d4 54. Kb2 a3+ 55. Kc1 dxc3 56. Kb1 c2+ 57. Bxc2 dxc2+ 58. Kxc2 0-1

[Event "Valdostano-ch op 25th"]
[Site "Saint Vincent"]
[Date "2001.09.19"]
[Round "5"]
[White "Catalano, Luigi"]
[Black "Barlocco, Carlo"]
[Result "0-1"]
[WhiteElo "1570"]
[BlackElo "2130"]
[PlyCount "62"]
[EventDate "2001.09.15"]
[EventType "swiss"]
[EventRounds "9"]
[EventCountry "ITA"]
[SourceTitle "EXT 2002"]
[Source "ChessBase"]
[SourceDate "2001.11.25"]
[SourceVersion "1"]
[SourceVersionDate "2001.11.25"]
[SourceQuality "1"]

1. e4 Nf6 2. d3 d5 3. exd5 Nxd5 4. g3 g6 5. Bg2 Bg7 6. Nf3 0-0 7. 0-0 Nc6 8. c3 Bf5 9. Re1 Qd7 10. Nh4 Bh3 11. Nd2 Bxg2 12. Nxg2 Rad8 13. Nf3 Nb6 14. d4 h6 15. Qc2 Rfe8 16. Be3 Qg4 17. Nfh4 e5 18. f3 Qc8 19. dxe5 Nxe5 20. Rad1 Rxd1 21. Rxd1 g5 22. f4 gxh4 23. fxe5 hxg3 24. hxg3 Nc4 25. Bf4 Nxe5 26. Nh4 Qg4 27. Re1 Re6 28. Kg2 Ng6 29. Be3 Nxh4+ 30. Kh1 Qh3+ 31. Qh2 Qxh2+ 0-1

[Event "Valdostano-ch op 25th"]
[Site "Saint Vincent"]
[Date "2001.09.15"]
[Round "1"]
[White "Uhoda, Philippe"]
[Black "Catalano, Luigi"]
[Result "1-0"]
[WhiteElo "2205"]
[BlackElo "1570"]
[PlyCount "65"]
[EventDate "2001.09.15"]
[EventType "swiss"]
[EventRounds "9"]
[EventCountry "ITA"]
[SourceTitle "EXT 2002"]
[Source "ChessBase"]
[SourceDate "2001.11.25"]
[SourceVersion "1"]
[SourceVersionDate "2001.11.25"]
[SourceQuality "1"]

1. d4 e6 2. c4 Be7 3. Nc3 Nf6 4. e4 0-0 5. e5 Ne8 6. Bd3 f5 7. exf6 Nxf6 8. Nf3 h6 9. Ne5 d6 10. Ng6 Re8 11. 0-0 Nbd7 12. Re1 Nf8 13. Nf4 c6 14. Qf3 Qc7 15. d5 e5 16. Nh5 Bd8 17. Nxf6+ Bxf6 18. Bxh6 Re7 19. Ne4 Rf7 20. Qg3 Qe7 21. Nxf6+ Rxf6 22. Bg5 c5 23. f4 Qf7 24. fxe5 dxe5 25. Bxf6 Qxf6 26. Rxe5 Bd7 27. Rf1 Qh6 28. Qf3 g5 29. Qf7+ Kh8 30. Rf6 Qh4 31. Re7 Ne6 32. Rfxe6 Bxe6 33. Qg7# 1-0